MDQL
is popping MORE tags! Check the
thread
!
Quizzes
Events
Quiz Creation
Community
Videos
Private Events
Remove Ads
Sign In
Join for FREE
Feedback
Dark Mode
Quiz Categories
Sports
Geography
Music
Movies
Television
Just For Fun
Miscellaneous
History
Literature
Language
Science
Gaming
Entertainment
Religion
Holiday
For Kids
Quiz Lab
Recent
Popular Today
Quiz Kudos Today
Editor Picks
Curator Picks
Quizzes by...
Day
Popularity
Type
Ratings
Length
Year
Community
Subscriptions
Recent Discussions
Orange Saloon
Badges
Playlists
Quests
Create
Leaderboards
Showdown
Live 5
Trivia Bingo
Activity
Puzzle Library
Sporcle Events
Private Events
Virtual Trivia
Globe League
Become a Host
Pub Owners
SporcleCon
Opinionation
Our Games
Videos
Blog
Mobile Apps
Partnerships
Remove Ads and Go Orange
Feedback
Sports
Athletes
MLB
NBA
NHL
NFL
Soccer
Sports Teams
WWE
NCAA
Football
Premier League
Basketball
Baseball
Hockey
Golf
Tennis
Cricket
Rugby
Auto Racing
Olympics
World Cup
Sports
Athletes
MLB
NBA
NHL
NFL
Soccer
Sports Teams
WWE
NCAA
Football
Premier League
Basketball
Baseball
Hockey
Golf
Tennis
Cricket
Rugby
Auto Racing
Olympics
World Cup
Random Quiz
Search Sporcle
×
Quiz Lab
Quiz Lab
Sports
Auto Racing
Type in answers that appear in a list
Type in answers that appear in a list
Classic
Best Score? Go Orange.
F1 Drivers 2007 Stats
Can you name the F1 Drivers of 2007?
By
Zutroy
4m
26 Questions
415 Plays
415 Plays
415 Plays
Comments
Comments
Give Quiz Kudos
Give Quiz Kudos
-
- Ratings
hide this ad
Replay
Link that replays current quiz
Next Quiz
Link to next quiz in quiz playlist
You Got
0%
They Got
Avg Score
80%
Avg Friend Score
Upgrade to see
Score Distribution
Jump to the score distribution portion of the page
Score
0/26
Timer
04:00
0
Plays Today
Driver
% Correct
Fernando Alonso
99.5%
Lewis Hamilton
99.3%
Kimi Räikkönen
95.9%
Jenson Button
95.7%
Felipe Massa
95.4%
Sebastian Vettel
94.9%
Mark Webber
93.7%
David Coulthard
92%
Rubens Barrichello
91.8%
Jarno Trulli
91.3%
Robert Kubica
90.6%
Giancarlo Fisichella
90.1%
Nick Heidfeld
89.1%
Driver
% Correct
Nico Rosberg
85.5%
Heikki Kovalainen
81.6%
Ralf Schumacher
80.7%
Takuma Sato
79.7%
Kazuki Nakajima
71.7%
Adrian Sutil
69.8%
Anthony Davidson
69.1%
Vitantonio Liuzzi
68.4%
Scott Speed
66.9%
Alexander Wurz
59.2%
Christijan Albers
54.6%
Sakon Yamamoto
48.6%
Markus Winkelhock
44%
Quiz Playlist
Details
Report
Send in Message
Add To Playlist
Classic:
Type in answers that appear in a list
Quiz Source
Last Updated: Feb 16, 2017
Quiz Scoreboard
CHALLENGE
Sign Up to Join the Scoreboard
Show All
Scores
Hide
Comments
May contain spoilers
Recently Published
Colored Red Africa Blitz
by spor1
Geography
30s
Find the 'City' Movie
by crazypaving
Movies
60s
5x2 Blitz: Bands
by SL_Kpop136
Music
30s
More to Explore
Quiz From the Vault
Featured Blog Post
14 Easter Pick-up Lines to Find Eggs With
hide this ad
You Might Also Like...
Tags
Auto Racing Quiz
2007
Driver
F1 Drivers
Ferrari Formula
Formula 1
Formula One
Minardi Formula
team
Today's Top Quizzes in Sports
Browse Sports
hide this ad
Today's Top Quizzes in Auto Racing
Browse Auto Racing
Top Contributed Quizzes in Sports
1
Players with Multiple 50 Home Run Seasons
2
Les entraîneurs de l'OM et du PSG au 21e siècle
3
Criteria MLB: Left Handed Sluggers
4
2022 World Cup Stars
5
Les meilleurs buteurs des matchs entre le PSG et l’OM
6
Who Hit More Homers?
7
Les joueurs passés par le PSG et l'OM
8
NBA Logic Puzzle 2.0
9
Top 10 NHL Goal Scorers of All Time
10
MLB Players with Two .350 Batting Average Seasons
Explore More
Trending Topics
Kpop
Anime
NBA
Harry Potter
Disney
Marvel
Crossword
Puzzle
Pokémon
Country
The Office
Song
Soccer
NFL
WWE
hide this ad
More By:
Zutroy
Quiz
Plays
Rating
Category
Featured
Created
Formula 1 Runners-Up
8,996
3.54
Sports
Sep 23, 2009
Robot Wars UK Finalists
1,471
3.40
Television
Sep 23, 2009
Robot Wars UK OotA's
1,146
4.43
Television
Sep 24, 2009
Robot Wars UK Grand Champions
557
4.00
Television
Sep 23, 2009
Every Williams F1 Driver
543
5.00
Sports
May 5, 2020
Go to Creator's Profile
Score Distribution
Quiz Creator Spotlight
Zutroy
Follow
Send a Message
Quizzes Created
-
Created Quiz Play Count
-
More By This Creator
Popular Quizzes Today
1
Colored Red Africa Blitz
2
Find the 'City' Movie
3
Find the US States - No Outlines Minefield
4
5x2 Blitz: Bands
5
The Countries of the World
6
Find the US States
7
US States
8
9x9 Crossword: Cartoon Network
More Sports Quizzes
Name every player to have scored at least three Premier
Quiz Lab
Trending Quizzes
Colored Red Europe Blitz I
Colored Red Europe Blitz II
Colored Red Africa Blitz II
Colored Red Africa Blitz III
Colored Red Europe Blitz III
Recently Updated
Godzilla Movies
pecheneg
Grab Bag: 4-10 Letters
pecheneg
2024 March Madness Bracket
pecheneg
Famous TV Couples
Peacemaker
Champions League XIs: Real Madrid
pecheneg
Largest US Cities 1790-2010
pecheneg
Rides in Walt Disney World
pecheneg
Most Oscar Losses (Acting)
pecheneg
Beyoncé Albums
pecheneg
Leaping Animals
pecheneg
Trending Topics
Marvel
Anime
Harry Potter
Kpop
Crossword
NBA
Disney
WWE
Soccer
The Office
Country
Pokémon
Puzzle
NFL
Song
Your Account Isn't Verified!
In order to create a playlist on Sporcle, you need to verify the email address you used during registration. Go to your
Sporcle Settings
to finish the process.
Report this User
Report this user for behavior that violates our
Community Guidelines
.
Details:
Send Report
Go to the Sporcle.com Mobile Site →
Comments